| 000 | 00776nam a2200193Ia 4500 | ||
|---|---|---|---|
| 999 |
_c56866 _d56866 |
||
| 001 | 2086 | ||
| 003 | GE_BSU | ||
| 005 | 20190524181103.0 | ||
| 008 | 181216s1999||||enk|||||||||||||| ||eng|| | ||
| 040 | _cGE_BSU | ||
| 041 | _aeng | ||
| 080 | _a811.111(038)+811.353.1(038) E-56 | ||
| 100 |
_aGvarjaladze, T. _91601 |
||
| 245 |
_aEnglish- Georgian and Georgian-English dictionairy=ინგლისურ–ქართული დ ქართულ ინგლისური ლექსიკონი / _cCompiled by Tamar and Isidore Gvarjaladze |
||
| 264 |
_aTbilisi ; _c1999. |
||
| 300 |
_a545 p.; _b17cm. |
||
| 653 | _aინგლისურ–ქართული დ ქართულ ინგლისური ლექსიკონი | ||
| 942 |
_cBK _2udc |
||